| 000 | 00414nam a22001697a 4500 | ||
|---|---|---|---|
| 003 | NUST - PNEC | ||
| 005 | 20170116180952.0 | ||
| 008 | 150908b xxu||||| |||| 00| 0 eng d | ||
| 020 | _a- | ||
| 040 | _cLIBRARY | ||
| 082 | _a621.32 IEE | ||
| 100 |
_99193 _aIEEP |
||
| 245 |
_aSymposium 87: Multi topic international _cIEEP |
||
| 260 | _cc.1987 | ||
| 650 |
_99197 _aElectrical Engineering _xEE |
||
| 942 |
_2ddc _cBK |
||
| 999 |
_c66455 _d66455 |
||